| 000 | 00451nam a2200181Ia 4500 | ||
|---|---|---|---|
| 005 | 20240823041853.0 | ||
| 008 | 240823s9999||||xx |||||||||||||| ||und|| | ||
| 041 | _aENGLISH | ||
| 082 | _A803.5 | ||
| 100 | _aJain B B | ||
| 245 | 0 | _aMathew Arnold : The Function of Criticism at the Present Time | |
| 250 | _a1st | ||
| 260 | _bLakshmi Narain Aga | ||
| 500 | _aTRANSFERED | ||
| 650 |
_aEnglish Literary _bEnglish |
||
| 942 | _cBK | ||
| 999 |
_c206530 _d206530 |
||